Les pays qui commencent par la lettre M - Statistiques

Statistiques générales
  • Ce quiz a été pris 301 fois
  • Le résultat moyen est 10 sur 15
Statistiques - réponses
Population Pays % Correct
5,16M Mauritanie
82%
38,08M Maroc
79%
24,48M Mali
74%
130,9M Mexique
74%
3,52M Mongolie
74%
31,96M Madagascar
73%
2,38M Moldavie
72%
623,83K Monténégro
67%
1,79M Macédoine du Nord
65%
35,56M Malaisie
65%
38,63K Monaco
65%
34,63M Mozambique
62%
574,34K Malte
58%
527,79K Maldives
56%
21,66M Malawi
51%
Aucun quiz correspondant
Distribution des résultats
% des personnes avec chaque résultat
Percentile par nombre de réponses
Votre historique - résultats
Vous n’avez pas pris ce quiz